Surveying fundamentals and practices

Zapisane w:
Opis bibliograficzny
1. autor: NATHANSON, Jerry
Format: Książka
Język:angielski
Wydane: Pearson Education 2011
Etykiety: Dodaj etykietę
Nie ma etykietki, Dołącz pierwszą etykiete!

MARC

LEADER 00000nam a22000007a 4500
008 210426b ||||| |||| 00| 0 eng d
020 |a : 978-0-13-237834-5 
100 |a NATHANSON, Jerry. 
245 |a Surveying fundamentals and practices  |c  Jerry Nathanson 
250 |b 6th  |c Jerry Nathanson, Michael T. Lanzafama [and] Philip Kissam 
260 |b Pearson Education  |c 2011  |h , New Jersey  |i 691582 – EDM, 691583  |l TA545 .N21  |m Surveying 
500 |a “It includes index” 
942 |a lcc  |c BK  |e Mr ogunleye  |f 26/4/2021 
952 |0 0  |1 0  |2 lcc  |4 0  |6 TA0545 N21  |7 0  |9 2300  |a HOL  |b EDM  |d 2021-04-26  |l 0  |o TA545 .N21  |p 2021-6154  |r 2021-04-26 00:00:00  |w 2021-04-26  |y BK 
952 |0 0  |1 0  |2 lcc  |4 0  |6 TA0545 N21  |7 0  |9 2301  |a HOL  |b HOL  |d 2021-04-26  |l 0  |o TA545 .N21  |p 2021-6155  |r 2021-04-26 00:00:00  |w 2021-04-26  |y BK 
999 |c 1185  |d 1185